Модель учебно-методического колмплекса нового поколения в системе высшего профессионального образования; Инновационный университет и инновационное образование: модели, опыт, перспективы

Bibliografske podrobnosti
Parent link:Инновационный университет и инновационное образование: модели, опыт, перспективы.— 2003.— С. 58-59
Glavni avtor: Рузаев Е. Н. Евгений Николаевич
Drugi avtorji: Ботыгин И. А. Игорь Александрович
Jezik:ruščina
Izdano: 2003
Teme:
Format: MixedMaterials Book Chapter
KOHA link:https://koha.lib.tpu.ru/cgi-bin/koha/opac-detail.pl?biblionumber=171768

MARC

LEADER 00000naa2a2200000 4500
001 171768
005 20240123140900.0
035 |a (RuTPU)RU\TPU\book\186236 
090 |a 171768 
100 |a 20091208d2003 k y0rusy50 ca 
101 0 |a rus 
102 |a RU 
200 1 |a Модель учебно-методического колмплекса нового поколения в системе высшего профессионального образования  |f Е. Н. Рузаев, И. А. Ботыгин 
463 0 |0 (RuTPU)RU\TPU\book\56255  |t Инновационный университет и инновационное образование: модели, опыт, перспективы  |o труды международного симпозиума, Москва, 27-28 мая 2003 г.  |f Ассоциация инженерного образования России ; Томский политехнический университет ; Инновационный университет и инновационное образование: модели, опыт, перспективы, международный симпозиум ; гл. ред. Ю. П. Похолков  |v С. 58-59  |d 2003  |p 112 с. 
610 1 |a учебно-методические комплексы 
610 1 |a модели 
610 1 |a высшее образование 
610 1 |a профессиональное образование 
610 1 |a качество 
610 1 |a труды учёных ТПУ 
700 1 |a Рузаев  |b Е. Н.  |c директор Сибирского сертификационного цента при ТПУ  |c Сибирский сертификационный центр Томский политехнический университет  |g Евгений Николаевич  |3 (RuTPU)RU\TPU\pers\25189 
701 1 |a Ботыгин  |b И. А.  |c специалист в области информатики и вычислительной техники  |c доцент Томского политехнического университета, кандидат технических наук  |f 1947-  |g Игорь Александрович  |3 (RuTPU)RU\TPU\pers\25190  |9 11270 
801 1 |a RU  |b 63413507  |c 20091208 
801 2 |a RU  |b 63413507  |c 20111205  |g RCR 
942 |c BK